00927cam a2200289 a 45000010005000000030006000050050017000110080041000280100017000690200038000860200035001240200031001590200028001900400023002180500014002410820011002551000027002662450048002932600038003413000047003794900048004265050007004745200084004815210027005655210018005926500027006105782FISKH20250122080655.0060321s2006 enka j 001 1 eng  a 2006009011 a9780756619282 (pbk. : alk. paper) a0756619289 (pbk. : alk. paper) a9780756619275 (alk. paper) a0756619270 (alk. paper) aDLCcDLCdDLCbeng aPZ7.H5243 a741.5 1 aHibbert, Clare,d1970-10aMeet the X-Men /cwritten by Clare Hibbert. aNew York :bDK Publishing,c2006. a32 pages : bcolor illustrations ; c23 cm0 aDK readersvBeginning to read alone Level 2 aK  aAn account of each of the X-Men including background and extraordinary powers. 8 a510 bLexile estimate 8 aK bRaz-Plus  aComicsvX-Men xMarvel